Palynological studies on diploid and tetraploid clones of Hevea brasiliensis (Willd ex Adr. de Juss.) Muell Arg. (Record no. 49149)

MARC details
000 -LEADER
fixed length control field 00462nam a2200157Ia 4500
100 ## - MAIN ENTRY--AUTHOR NAME
Personal name Saraswathyamma C.K.
245 #0 - TITLE STATEMENT
Title Palynological studies on diploid and tetraploid clones of Hevea brasiliensis (Willd ex Adr. de Juss.) Muell Arg.
260 ## - PUBLICATION, DISTRIBUTION, ETC. (IMPRINT)
Name of publisher Phytomorphology
Year of publication 1992
300 ## - PHYSICAL DESCRIPTION
Number of Pages 225-229
650 ## - SUBJECT ADDED ENTRY--TOPICAL TERM
Topical Term Diploid
650 ## - SUBJECT ADDED ENTRY--TOPICAL TERM
Topical Term Palynology
650 ## - SUBJECT ADDED ENTRY--TOPICAL TERM
Topical Term Tetraploid
700 ## - ADDED ENTRY--PERSONAL NAME
Personal name Sethuraj M.R.
942 ## - ADDED ENTRY ELEMENTS (KOHA)
Koha item type Bibliography STAF
Holdings
Withdrawn status Lost status Damaged status Not for loan Home library Current library Shelving location Date acquired Serial Enumeration / chronology Koha item type
      Bibliography RRII Library RRII Library Botany 09/04/2014 Volume 42, Issue 3&4 Bibliography STAF